NHL Top 100 Players (2021-22) - Statistics

General Stats
  • This quiz has been taken 1,018 times
  • The average score is 60 of 100
Answer Stats
Hint Answer % Correct
C Edmonton Oilers Connor McDavid
98%
C Pittsburgh Penguins Sidney Crosby
97%
C Toronto Maple Leafs Auston Matthews
96%
C/LW Edmonton Oilers Leon Draisaitl
95%
C Colorado Avalanche Nathan MacKinnon
95%
LW San Jose Sharks Evander Kane
93%
RW Chicago Blackhawks Patrick Kane
93%
LW Washington Capitals Alex Ovechkin
92%
LW Boston Bruins Brad Marchand
92%
RW Tampa Bay Lightning Nikita Kucherov
92%
D Colorado Avalanche Cale Makar
91%
G Tampa Bay Lightning Andrei Vasilevskiy
89%
RW Toronto Maple Leafs Mitch Marner
89%
D Tampa Bay Lightning Victor Hedman
89%
LW New York Rangers Artemi Panarin
88%
C Florida Panthers Aleksander Barkov
87%
C Tampa Bay Lightning Brayden Point
85%
C Boston Bruins Patrice Bergeron
85%
C Tampa Bay Lightning Steven Stamkos
85%
RW Boston Bruins David Pastrnak
84%
C Carolina Hurricanes Sebastian Aho
84%
C Pittsburgh Penguins Evgeni Malkin
83%
RW Colorado Avalanche Mikko Rantanen
82%
C New Jersey Devils Jack Hughes
80%
RW Vegas Golden Knights Mark Stone
80%
D Vancouver Canucks Quinn Hughes
80%
G Winnipeg Jets Connor Hellebuyck
78%
C Buffalo Sabres Jack Eichel
78%
C New York Islanders Mathew Barzal
78%
D Nashville Predators Roman Josi
77%
D New York Rangers Adam Fox
76%
D Colorado Avalanche Devon Toews
75%
LW Florida Panthers Jonathan Huberdeau
75%
C Vancouver Canucks Elias Pettersson
74%
C Toronto Maple Leafs John Tavares
74%
C Chicago Blackhawks Jonathan Toews
74%
G Chicago Blachawks Marc-Andre Fleury
74%
LW Ottawa Senators Brady Tkachuk
72%
LW Calgary Flames Matthew Tkachuk
72%
D Boston Bruins Charlie McAvoy
71%
LW Minnesota Wild Kirill Kaprizov
71%
G Montreal Canadiens Carey Price
68%
LW Winnipeg Jets Kyle Connor
67%
D Pittsburgh Penguins Kris Letang
66%
C New York Rangers Mike Zibanejad
65%
C St. Louis Blues Ryan O'Reilly
65%
D Chicago Blackhawks Seth Jones
65%
C Winnipeg Jets Mark Scheifele
64%
LW Colorado Avalanche Gabriel Landeskog
63%
LW Calgary Flames Johnny Gaudreau
63%
D Dallas Stars Miro Heiskanen
63%
C Los Angeles Kings Anze Kopitar
62%
D Vegas Golden Knights Alex Pietrangelo
61%
D Washington Capitals John Carlson
61%
LW Pittsburgh Penguins Jake Guentzel
60%
C Washington Capitals Nicklas Backstrom
58%
D New Jersey Devils Dougie Hamilton
57%
RW Columbus Blue Jackets Patrik Laine
56%
D Los Angeles Kings Drew Doughty
54%
G Nashville Predators Juuse Saros
54%
D Edmonton Oilers Darnell Nurse
53%
D Vegas Golden Knights Shea Theodore
53%
LW Chicago Blackhawks Alex DeBrincat
51%
C Dallas Stars Tyler Seguin
51%
D Columbus Blue Jackets Zach Werenski
51%
D Florida Panthers Aaron Ekblad
50%
C Montreal Canadiens Nick Suzuki
50%
RW Vancouver Canucks Brock Boeser
49%
G Anaheim Ducks John Gibson
48%
C/LW Vancouver Canucks JT Miller
48%
C Vancouver Canucks Bo Horvat
47%
D Ottawa Senators Thomas Chabot
45%
LW/RW Toronto Maple Leafs William Nylander
44%
LW Boston Bruins Taylor Hall
43%
D San Jose Sharks Brent Burns
42%
D Carolina Hurricanes Jaccob Slavin
42%
C Philadelphia Flyers Sean Couturier
41%
G Vegas Golden Knights Robin Lehner
39%
RW Montreal Canadiens Cole Caufield
38%
G Colorado Avalanche Darcy Kuemper
38%
D Buffalo Sabres Rasmus Dahlin
38%
LW Vegas Golden Knights Max Pacioretty
37%
C Detroit Red Wings Dylan Larkin
36%
LW Winnipeg Jets Nikolaj Ehlers
36%
LW/RW Carolina Hurricanes Andrei Svechnikov
35%
C/RW Calgary Flames Elias Lindholm
34%
C Edmonton Oilers Ryan Nugent-Hopkins
34%
C/RW Florida Panthers Sam Reinhart
29%
C San Jose Sharks Tomas Hertl
29%
G Calgary Flames Jacob Markstrom
26%
D Arizona Coyotes Jakob Chychrun
26%
D Tampa Bay Lightning Mikhail Sergachev
26%
D Philadelphia Flyers Ivan Provorov
23%
D St. Louis Blues Torey Krug
23%
C Tampa Bay Lightning Anthony Cirelli
21%
D Montreal Canadiens Jeff Petry
20%
RW Montreal Canadiens Tyler Toffoli
19%
D Philadelphia Flyers Ryan Ellis
16%
C Los Angeles Kings Phillip Danault
14%
LW St. Louis Blues Pavel Buchnevich
10%
No matching quizzes found
Score Distribution
Percent of People with Each Score
Percentile by Number Answered
Your Score History
You have not taken this quiz